000 00415nam a2200157Ia 4500
008 230917s9999||||xx |||||||||||||| ||und||
040 _e112753
_aMAIN
041 _aEnglish
082 _a620.11 K127M
100 _aKalpakjian, Serope
245 0 _aManufacturing processes for engineering materials
250 _a4th ed.
260 _aNew Delhi
_bPearson Education
_c2004
300 _axiv, 954 p.
942 _cBK
999 _c138400
_d138400